| 000 | 01709cam a2200505 a 4500 | ||
|---|---|---|---|
| 999 |
_c23691 _d23691 |
||
| 001 | vtls009481369 | ||
| 005 | 20241216141838.0 | ||
| 008 | 240314s2008 xo f 000 0 slo | ||
| 020 |
_a9788080613341 _q(brož.) |
||
| 035 | _a49364E5C-9D17-41BD-AE0D-312808E79FAD | ||
| 035 | _aurn:nbn:sk:snk-amk35x | ||
| 035 | _aurn:nbn:sk:snk-am0085vo | ||
| 040 |
_aSPK _bslo _cSPK _dSNK _eAACR2 |
||
| 041 | 0 | _aslo | |
| 044 |
_axo _cSK |
||
| 072 | 7 |
_a316.3 _xGlobálne spoločnosti. Sociálna štruktúra. Sociálne skupiny _2konspekt |
|
| 080 |
_a316.347 _22001 |
||
| 080 |
_a328/329 _22001 |
||
| 080 |
_a316.422 _22001 |
||
| 080 |
_a316.772.4 _22001 |
||
| 080 |
_a(0:82-4) _22001 |
||
| 080 |
_a(046) _22001 |
||
| 080 |
_a(437.6) _22001 |
||
| 100 | 1 |
_aKrausová, Nora, _d1920-2009 _4aut _94254 |
|
| 245 | 1 | 0 |
_aSvet, v ktorom žijeme _cNora Krausová |
| 260 |
_aBratislava _bVydavateľstvo Spolku slovenských spisovateľov _c2008 |
||
| 300 |
_a283 s. _c21 cm |
||
| 600 | 1 | 7 |
_aKrausová, Nora, _d1920-2009 _2SNKMA _94254 |
| 648 | 7 |
_a1990-2006 _2SNKPH _94255 |
|
| 650 | 0 | 7 |
_anárodná identita _2SNKPH _92001 |
| 650 | 0 | 7 |
_apolitika a vláda _2SNKPH _94256 |
| 650 | 0 | 7 |
_aglobalizácia _2SNKPH _94257 |
| 650 | 0 | 7 |
_amediálna komunikácia _2SNKPH _94258 |
| 650 | 0 | 7 |
_aNational identity _2SNKPHeng _92000 |
| 650 | 0 | 7 |
_aPolitics and government _2SNKPHeng _94259 |
| 650 | 0 | 7 |
_aGlobalization _2SNKPHeng _94260 |
| 650 | 0 | 7 |
_aCommunication in mass media _2SNKPHeng _94261 |
| 651 | 7 |
_aSlovensko _2SNKPH _91613 |
|
| 651 | 7 |
_aSlovakia _2SNKPHeng _91614 |
|
| 655 | 7 |
_aeseje _2SNKPH _92822 |
|
| 655 | 7 |
_ačlánky _2SNKPH _94262 |
|
| 655 | 7 |
_aEssays _2SNKPHeng _91704 |
|
| 655 | 7 |
_aJournal articles _2SNKPHeng _94263 |
|
| 958 | _aLX | ||